| 000 | 00679nam a2200205Ia 4500 | ||
|---|---|---|---|
| 005 | 20250508162036.0 | ||
| 008 | 008 250505s9999 xx 000 0 eng d | ||
| 020 | _a0-89397-303-3 | ||
| 037 | _aReference | ||
| 040 |
_aFEDL _beng _cFEDL |
||
| 041 |
_aeng _2eng |
||
| 084 |
_a371.3058, INT _qFEDL |
||
| 100 |
_aRomiszowski A J Ed. _9769906 |
||
| 245 | 0 | _aInternational year book of educational and instructional technology 1978/79: Association of programmed learning and educational technology | |
| 260 |
_aLondon, UK _bKogan Page _c1978 |
||
| 300 | _a765p. | ||
| 700 |
_a Howe Anne Ed. _9772132 |
||
| 942 |
_cREF _h371.3058, INT |
||
| 999 |
_c1374022 _d1374022 |
||